000 00952cam a2200289 4500
008 020111n2002 000 0 eng u
020 _a1842630636
035 _a(Sirsi) u116254
050 _a306.11
100 _aMartin, G.
245 _aSwamps and alligators : the future for low-cost home-ownership
260 _aYork
_bYork Publishing Services
_c2002
300 _a76p.
_c30cm.
350 _a13.95
520 _aConsiders how government, the Housing Corporation and housing associations could improve low cost home ownership schemes for public sector and other key workers.
650 _aHOME OWNERSHIP
650 _aHOUSING ASSOCIATIONS
650 _aKEY WORKERS
650 _aLOW COST HOUSING
650 _aREGISTERED SOCIAL LANDLORDS
650 _aRSLS
650 _aSHARED OWNERSHIP SCHEMES
650 _aSOCIAL HOUSING
690 _aHOUSING-HOUSING FINANCE
710 _aJoseph Rowntree Foundation
_92318
942 _n0
999 _c101837
_d101837